000 00458nam a2200181Ia 4500
008 090124s9999 xx 000 0 und d
082 _b120410
100 _aमाने लक्ष्मण
245 _a उपरा
250 _a2
260 _c1984
300 _a157+1
600 _aमाने लक्ष्मण
630 _a उपरा
700 _aमाने लक्ष्मण
730 _a उपरा
942 _cBOOK
999 _c166496
_d166496